000 00629nam a22002417a 4500
003 UA-OsUOA
001 103931
007 ta
008 20131127b un ||||| |||| 00| 0 ukr d
100 _aЕфименко А. Я.
090 _a94(477)
_bЕ91
942 _cBK
040 _aUA-OsUOA
_brus
_cUA-OsUOA
_dUA-OsUOA
245 _aИстория украинского народа
300 _a512 с.
955 _a2
041 _arus
080 _a94(477)
020 _a5-11-001491-4
260 _aК.
_bЛыбидь
_c1990
650 7 _a9 Географія. Біографії. Історія
_2UDC
999 _c390558
_d390558